000 00589nam a2200205 i 4500
001 47559
003 ES-MaACL
005 20230906161605.0
007 t|
008 030505s1916 sp ||||1| spa d
080 _a821.134.2-32"19"
100 1 _aCarrere, Emilio.
_935691
245 1 0 _aBienaventurados los mansos... /
_c(novela inédita) por Emilio Carrére.
260 _aMadrid :
_b[s.n.],
_c1916.
300 _a34 p. ;
_c19 cm.
490 1 _aLa novela corta ;
_v16
830 0 _aLa novela corta ;
_v16
_9182142
852 _aES-MaACL
_jG-4947(16)
_bR.132489
999 _c47559
_d47559